LEADER 01254nam a2200313 u 4500 001 000000041980 003 CaOOAMICUS 005 20070226114256.0 008 990217r19801935it u000 u fre u 035 $a10814475 040 $aPUL(R)$bita 100 1 $aArangio-Ruiz, Vincenzo,$d1884-1964.$0(OLS)http://pul/name/1230 245 10$aCours de droit romain :$b(Les actions) /$cVincenzo Arangio-Ruiz ; con una nota di lettura di Luigi Labruna. 260 $aNapoli :$bE. Jovene,$cc1980. 300 $axiii, 97 p. ;$c25 cm 490 1 $aAntiqua ;$v2 500 $aRistampa dell'ed. del 1935. 504 $aBibliografia in nota. 650 4$aDiritto romano.$0(OLS)http://pul/subject/382 700 1 $aLabruna, Luigi,$d1937-$0(OLS)http://pul/name/5414 830 0$aAntiqua (Jovene) ;$v2.$0(OLS)http://pul/title/14121 850 $aPUL 852 $aPUL$W1$xSL Diritto e Scienze Sociali 1$y4$m182 D 83$j56798$nBK-PRI$b $qStampati$B56798$CPULBib$Z2$F56798 $H $81 941 1 $a8 960 $aRoman law$9382 960 $aRoman law$9382 961 $aINV: 66315 996 $6245$aCours de droit romain :$b(Les actions)$9(OLS)http://pul/title/1612 996 $6260$aNapoli :$bE. Jovene$9(OLS)http://pul/publisher/48372 LEADER 01426nam a2200301 a 4500 001 000000133977 003 CaOOAMICUS 005 20130523100347.0 008 130523s2013 it u000 u ita r 020 $a978-88-250-3021-1 040 $aPUL$bita 245 00$aLiturgia e partecipazione :$bforme del coinvolgimento rituale /$cA.M. Calapaj ... [et al.] ; a cura di Luigi Girardi. 260 $aPadova :$bEdizioni Messaggero ;$aPadova :$bAbbazia di S. Giustina,$cİ2013. 300 $a277 p. ;$c21 cm. 490 1 $aCaro salutis cardo.$aContributi ;$v27 504 $aInclude riferimenti bibliografici ed indice. 650 4$aLiturgia$xRito.$0(OLS)http://pul/subject/36941 700 1 $aCalapaj Burlini, Anna Maria.$0(OLS)http://pul/name/70159 700 1 $aGirardi, Luigi.$0(OLS)http://pul/name/65614 830 0$aCaro salutis cardo.$pContributi ;$v27.$0(OLS)http://pul/title/45949 850 $aPUL 852 $aPUL$W1$xSL Religione 1$y3$m11 N 12.1.27$j154046$qStampati$B153597$CPULBib$Z2$F153597 $H122374 $82 941 1 $a8 996 $6020$a978-88-250-3021-1$9(OLS)http://pul/number/152755 996 $6245$aLiturgia e partecipazione :$bforme del coinvolgimento rituale$9(OLS)http://pul/title/169371 996 $6260$aPadova :$bEdizioni Messaggero$9(OLS)http://pul/publisher/51217 996 $6260$aPadova :$bAbbazia di S. Giustina$9(OLS)http://pul/publisher/67660